00365nam a22001217a 4500082003200000100002400032245006600056250001200122260004400134300002000178526003700198650000800235 a624.04bCHAcMCE-L-38, P-66 aChakroborty, Partha aPrincipals of transportation engineeringcChakroborty, Partha a2nd ed. aNew DelhibPrentice Hall of Indiac2018 axvi, P-544bill a0b0c0d624_040000000000000_CHA aMCE